000 00456nam a2200181Ia 4500
005 20250508151545.0
008 008 250505s9999 xx 000 0 eng d
037 _aTextual
040 _aFEDL
_beng
_cFEDL
041 _aeng
_2eng
084 _a370.942, EDU
_qFEDL
245 0 _aEducation in England and wales
260 _c1952
300 _a54p.
650 _aEducation
942 _cTEXL
_h370.942, EDU
999 _c1330605
_d1330605